Kitāb al-makhṭūṭāt al-ʻArabīyah li-katabat al-Naṣrānīyah /
Main Author:
Format: Book
Language: Arabic
Published:
Bayrut :
Maṭbaʻat al-Ābāʼ al-Yasūʻīyīn,
1924.
Subjects:
Tags: Add Tag
Call Number: Z6605 .A6 C45 1924
| LEADER | 01268nam a2200241Ia 4500 | ||
|---|---|---|---|
| 003 | OSt | ||
| 005 | 20240328121830.0 | ||
| 008 | 130303s1924 le b 000 0 ara d | ||
| 952 | |0 0 |1 0 |2 lcc |4 0 |6 Z6605 A6 C45 01924 |7 1 |9 29796 |a ARCE |b ARCE |d 2022-01-25 |l 0 |o Z6605 .A6 C45 1924 |p 1019410 |r 2022-01-25 00:00:00 |w 2022-01-25 |y BK | ||
| 999 | |c 28105 |d 28105 | ||
| 010 | |a 58047926 | ||
| 040 | |c ARCE Library | ||
| 050 | 4 | |a Z6605 .A6 C45 1924 | |
| 100 | 1 | |a Cheïkho, Louis, |d 1859-1927, |e author | |
| 245 | 1 | 0 | |6 880-02 |a Kitāb al-makhṭūṭāt al-ʻArabīyah li-katabat al-Naṣrānīyah / |c jamaʻahā wa-naẓẓamahā ʻalá tartīb asmāʼ muʼallifīhā Luwīs Shaykhū. |
| 246 | 3 | |a makhṭūṭāt al-ʻarabīyah li-katabat al-naṣrānīyah | |
| 264 | 1 | |a Bayrut : |b Maṭbaʻat al-Ābāʼ al-Yasūʻīyīn, |c 1924. | |
| 300 | |a 286 pages ; |c 24 cm. | ||
| 650 | 0 | |a Manuscripts, Arabic |v Bibliography. | |
| 650 | 0 | |a Arabic literature |x Christian authors |v Bibliography. | |
| 880 | 1 | 0 | |6 245-02/(3/r |a كتاب المخطوطات العربية لكتبة النصرانية |c جمعها و نظمها على ترتيب أسماء مؤلفيها لويس شيخو. |
| 901 | |a reviewed | ||
| 942 | |c BK |2 lcc | ||
